[Event "2.BLO 1516 MSA Zugzwang - Bindl Aktionä"]
[Site "?"]
[Date "2016.01.30"]
[Round "7.3"]
[White "Neuman, Petr"]
[Black "Hertneck, Gerald"]
[Result "1-0"]
[WhiteElo "2426"]
[BlackElo "2458"]
[PlyCount "147"]
[EventDate "2016.??.??"]

1. c4 e5 2. Nc3 Nf6 3. e3 Bb4 4. Nge2 O-O 5. a3 Be7 6. d4 exd4 7. Qxd4 Nc6 8.
Qd1 Ne5 9. Nf4 Re8 10. Be2 Bf8 11. O-O b6 12. b3 Bb7 13. Bb2 g6 14. Qc2 d6 15.
Rad1 Bg7 16. Rfe1 h5 17. Bf1 h4 18. h3 a6 19. Ncd5 Nfd7 20. Nd3 Nxd3 21. Bxd3
Bxb2 22. Qxb2 Bxd5 23. cxd5 Qf6 24. Qc2 Nc5 25. b4 Nxd3 26. Rxd3 Re7 27. Rc3 a5
28. b5 Ra7 29. Rc4 Kg7 30. a4 g5 31. Rc1 Qg6 32. Qd1 Qf5 33. R1c3 Re5 34. Rd4
Re7 35. Qc1 Kf8 36. f3 Ke8 37. e4 Qe5 38. Rdc4 Kd8 39. Qe3 Rb7 40. Qd4 Qxd4+
41. Rxd4 Rb8 42. Kf2 Kc8 43. f4 gxf4 44. Rf3 Kd7 45. Rxf4 Rh8 46. Rd3 Ke8 47.
Rdf3 Rh7 48. Rg4 Re5 49. Rff4 Reh5 50. Rg8+ Ke7 51. Kf3 Kd7 52. Rfg4 f5 53.
R4g7+ Rxg7 54. Rxg7+ Kd8 55. exf5 Rxf5+ 56. Kg4 Rxd5 57. Kxh4 Rc5 58. Kg3 Ke8
59. h4 Kf8 60. Rg4 d5 61. Rd4 c6 62. bxc6 Rxc6 63. Kf4 Rh6 64. Kg5 Rh7 65. g4
b5 66. axb5 Rb7 67. Rxd5 a4 68. h5 a3 69. Rd8+ Kg7 70. Ra8 Rxb5+ 71. Kh4 Rb3
72. Ra7+ Kg8 73. h6 Rb1 74. Kh5 1-0

[Event "2.BLO 1516 MSA Zugzwang - Bindl Aktionä"]
[Site "?"]
[Date "2016.01.30"]
[Round "7.4"]
[White "Zysk, Robert"]
[Black "Cech, Pavel"]
[Result "1/2-1/2"]
[WhiteElo "2396"]
[BlackElo "2372"]
[PlyCount "97"]
[EventDate "2016.??.??"]

1. Nf3 d5 2. g3 Nf6 3. Bg2 c6 4. b3 Bf5 5. Bb2 e6 6. d3 h6 7. Nbd2 Be7 8. e3
Nbd7 9. Qe2 Bh7 10. O-O O-O 11. e4 dxe4 12. dxe4 Qc7 13. Rad1 Rfd8 14. a3 Bg6
15. h3 Bh7 16. Rfe1 a5 17. e5 Ne8 18. Ne4 Nc5 19. Nfd2 Nxe4 20. Bxe4 Rd7 21.
Bxh7+ Kxh7 22. Nc4 Rd5 23. Bd4 c5 24. Bc3 Kg8 25. a4 b6 26. Ne3 Rxd1 27. Rxd1
Qc6 28. Rd2 Rd8 29. Qd1 Rxd2 30. Qxd2 Nc7 31. Qd3 Nd5 32. Nc4 Bd8 33. Bd2 Bc7
34. h4 Nb4 35. Bxb4 axb4 36. f4 b5 37. axb5 Qxb5 38. Kf2 h5 39. Qf3 g6 40. Qa8+
Kg7 41. Qc8 Qc6 42. Nd6 Qd5 43. Qxc7 Qd2+ 44. Kf3 Qd1+ 45. Ke3 Qe1+ 46. Kd3
Qc3+ 47. Ke2 Qxc2+ 48. Kf3 Qd3+ 49. Kg2 1/2-1/2

[Event "2.BLO 1516 MSA Zugzwang - Bindl Aktionä"]
[Site "?"]
[Date "2016.01.30"]
[Round "7.5"]
[White "Krensing, Jan"]
[Black "Gerigk, Erasmus"]
[Result "1/2-1/2"]
[WhiteElo "2336"]
[BlackElo "2391"]
[PlyCount "98"]
[EventDate "2016.??.??"]

1. d4 Nf6 2. c4 e6 3. Nc3 Bb4 4. Qc2 O-O 5. a3 Bxc3+ 6. Qxc3 b5 7. cxb5 c6 8.
Bg5 cxb5 9. e3 Bb7 10. Nf3 h6 11. Bh4 g5 12. Bg3 Ne4 13. Qc2 Na6 14. Bd3 Qa5+
15. Ke2 Rac8 16. Bxe4 Rxc2+ 17. Bxc2 b4 18. Bd3 Rc8 19. Nd2 d5 20. h4 g4 21. f3
bxa3 22. Rxa3 Qb6 23. fxg4 Nb4 24. Bb1 a5 25. Bf4 a4 26. Kf3 Nc6 27. Rxa4 Qxb2
28. Rd1 Kg7 29. Kg3 Qc3 30. Kh2 f6 31. Ra2 e5 32. Rc2 Qa3 33. Rxc6 Rxc6 34.
dxe5 fxe5 35. Bxe5+ Kg8 36. Nf3 Rc1 37. Rd3 Qb4 38. Ba2 Qxg4 39. Rd4 Qe6 40. e4
Rc5 41. Rb4 Qa6 42. Rb2 Ra5 43. Bxd5+ Bxd5 44. Rb8+ Kf7 45. exd5 Rxd5 46. Rh8
Qe6 47. Rh7+ Kg8 48. Rh8+ Kf7 49. Rh7+ Kg8 1/2-1/2

[Event "2.BLO 1516 MSA Zugzwang - Bindl Aktionä"]
[Site "?"]
[Date "2016.01.30"]
[Round "7.6"]
[White "Lammers, Markus"]
[Black "Wall, Gavin"]
[Result "0-1"]
[WhiteElo "2334"]
[BlackElo "2336"]
[PlyCount "120"]
[EventDate "2016.??.??"]

1. Nf3 d6 2. d4 f5 3. c4 Nf6 4. Nc3 g6 5. g3 Bg7 6. Bg2 O-O 7. O-O Na6 8. b3 c6
9. Bb2 Bd7 10. Qc2 b5 11. Rad1 bxc4 12. bxc4 Rb8 13. Ne5 Nb4 14. Qc1 dxe5 15.
dxe5 Ng4 16. e6 Nxa2 17. Qa1 Rxb2 18. Qxb2 Nxc3 19. Rxd7 Qb6 20. Qxb6 Nxe2+ 21.
Kh1 axb6 22. Rxe7 Nd4 23. h3 Ne5 24. Rd1 Bf6 25. Rb7 Nxe6 26. Rxb6 Rd8 27. Re1
Nd4 28. Bf1 Kg7 29. Rb7+ Rd7 30. Reb1 Re7 31. Rxe7+ Bxe7 32. Rb7 Kf6 33. f4 Nf7
34. Rd7 Bc5 35. Bg2 Ke6 36. Rc7 Bb6 37. Rb7 Bd8 38. Bf1 Be7 39. Kg2 h5 40. Bd3
Nd8 41. Rc7 Kd6 42. Ra7 N8e6 43. Ra8 Bd8 44. h4 Kd7 45. Bf1 Nb3 46. Be2 Ned4
47. Bf1 Nc5 48. Rb8 Ne4 49. Bd3 Nf6 50. Ra8 Ne6 51. Be2 Kd6 52. Rc8 Kc5 53. Bf3
Ne4 54. Bxe4 fxe4 55. Kf2 Kxc4 56. Rxc6+ Kd5 57. Ra6 Be7 58. Ra8 Bc5+ 59. Kg2
Bb4 60. Ra7 Nd4 0-1

[Event "2.BLO 1516 MSA Zugzwang - Bindl Aktionä"]
[Site "?"]
[Date "2016.01.30"]
[Round "7.7"]
[White "Havlikova, Kristyna"]
[Black "Eichler, Christoph"]
[Result "0-1"]
[WhiteElo "2321"]
[BlackElo "2341"]
[PlyCount "136"]
[EventDate "2016.??.??"]

1. e4 e5 2. Nf3 Nc6 3. Bb5 a6 4. Ba4 Nf6 5. O-O Nxe4 6. d4 b5 7. Bb3 d5 8. dxe5
Be6 9. c3 Bc5 10. Nbd2 O-O 11. Bc2 Bf5 12. Nb3 Bg6 13. Nxc5 Nxc5 14. Be3 Ne6
15. Re1 Bh5 16. Qd3 Bg6 17. Qd1 Bh5 18. Qd3 Bg6 19. Qd2 Be4 20. Bxe4 dxe4 21.
Ng5 Nxe5 22. Nxe4 Nc4 23. Qc2 Qh4 24. b3 Ne5 25. f3 Rad8 26. Rad1 h6 27. Bf2
Qe7 28. Bg3 Ng6 29. Bf2 Rxd1 30. Qxd1 Rd8 31. Qc2 Qd7 32. h3 Ngf4 33. Be3 Qd3
34. Qxd3 Rxd3 35. c4 bxc4 36. bxc4 Ra3 37. g3 Nxh3+ 38. Kg2 Nhg5 39. Re2 Nxe4
40. fxe4 Rc3 41. c5 Kf8 42. Bf2 Nxc5 43. Bd4 Rc4 44. Bxc5+ Rxc5 45. Kf3 Ke7 46.
Rb2 Rb5 47. Rc2 Kd6 48. Rd2+ Ke6 49. Rc2 c5 50. Kf4 Kd6 51. Rd2+ Kc6 52. Rd8
Rb7 53. Ke3 Rd7 54. Rc8+ Kb5 55. Rb8+ Ka4 56. Rc8 Kb4 57. Rb8+ Kc3 58. Rb3+ Kc2
59. Rb6 c4 60. Rxa6 c3 61. Rc6 Kb2 62. a4 c2 63. Rb6+ Kc1 64. Ke2 Rd2+ 65. Ke1
Rd4 66. a5 Rxe4+ 67. Kf2 Kd2 68. Rd6+ Kc3 0-1

[Event "2.BLO 1516 MSA Zugzwang - Bindl Aktionä"]
[Site "?"]
[Date "2016.01.30"]
[Round "7.8"]
[White "Hoffmeyer, Falk"]
[Black "Wetscherek, Andreas"]
[Result "1-0"]
[WhiteElo "2325"]
[BlackElo "2323"]
[PlyCount "83"]
[EventDate "2016.??.??"]

1. d4 Nf6 2. Bg5 d5 3. e3 c5 4. Bxf6 exf6 5. Nc3 Be6 6. Nge2 Nc6 7. g3 cxd4 8.
exd4 Bb4 9. Bg2 O-O 10. O-O Qd7 11. a3 Ba5 12. Na4 Qd6 13. Nf4 Rac8 14. c3 Bc7
15. Nc5 b6 16. Ncd3 Rcd8 17. Re1 Rfe8 18. Qf3 Kf8 19. Qh5 h6 20. Re2 Qd7 21.
Rae1 Re7 22. Nxe6+ fxe6 23. Bh3 Rde8 24. f4 Qd6 25. Bg4 Nd8 26. Qh3 Nf7 27.
Rxe6 Rxe6 28. Rxe6 Rxe6 29. Bxe6 Nd8 30. Bg4 Qe7 31. Kf2 Qe4 32. Qf1 Nc6 33.
Bf3 Qf5 34. Qe2 Ne7 35. Kg2 Bd6 36. Nf2 Qb1 37. Qe6 Bc7 38. Bh5 g6 39. Qxf6+
Ke8 40. Bg4 Qxb2 41. Be6 Bd6 42. Qh8+ 1-0

[Event "2.BLO 1516 SC Garching - Nickelhütte Au"]
[Site "?"]
[Date "2016.01.30"]
[Round "7.1"]
[White "Papp, Gabor"]
[Black "Krivoborodov, Egor"]
[Result "1/2-1/2"]
[WhiteElo "2601"]
[BlackElo "2520"]
[PlyCount "87"]
[EventDate "2016.??.??"]

1. Nf3 Nf6 2. c4 c6 3. g3 d5 4. Bg2 Bg4 5. O-O e6 6. d3 Nbd7 7. cxd5 exd5 8. h3
Bh5 9. Nc3 Bc5 10. Qc2 O-O 11. e4 dxe4 12. dxe4 Re8 13. Bf4 Bg6 14. Nh4 Nh5 15.
Ne2 Nxf4 16. Nxf4 Qb6 17. Rad1 Rad8 18. Kh2 Be7 19. Nhxg6 hxg6 20. Nd3 g5 21.
f4 gxf4 22. gxf4 Nc5 23. Nxc5 Qxc5 24. Qxc5 Bxc5 25. Kg3 Bb6 26. e5 Rxd1 27.
Rxd1 Rd8 28. Rxd8+ Bxd8 29. h4 g6 30. Bh3 Ba5 31. Bc8 Be1+ 32. Kg4 b6 33. h5
gxh5+ 34. Kxh5 Kg7 35. Kg5 Bd2 36. b3 c5 37. a4 Kf8 38. Kf5 Ke7 39. Ke4 a5 40.
f5 f6 41. exf6+ Kxf6 42. Kd5 c4 43. Kxc4 Be3 44. Kb5 1/2-1/2

[Event "2.BLO 1516 SC Garching - Nickelhütte Au"]
[Site "?"]
[Date "2016.01.30"]
[Round "7.2"]
[White "Loetscher, Roland"]
[Black "Prohaszka, Peter"]
[Result "1/2-1/2"]
[WhiteElo "2426"]
[BlackElo "2610"]
[PlyCount "64"]
[EventDate "2016.??.??"]

1. d4 d5 2. c4 dxc4 3. e3 e5 4. Bxc4 exd4 5. exd4 Bd6 6. Nf3 Nf6 7. Qe2+ Qe7 8.
Qxe7+ Bxe7 9. O-O Nbd7 10. Nc3 Nb6 11. Bb3 c6 12. Re1 Nfd5 13. a4 a5 14. Bxd5
Nxd5 15. Nxd5 cxd5 16. Ra3 Be6 17. Rb3 O-O 18. Bd2 Rfb8 19. Bf4 Rc8 20. Rxb7
Bb4 21. Rc1 Rxc1+ 22. Bxc1 Rc8 23. Bf4 f6 24. Rb8 Rxb8 25. Bxb8 Bd7 26. Ba7
Bxa4 27. Bc5 Bc2 28. Bxb4 axb4 29. Nd2 Kf7 30. f3 g5 31. Kf2 Ke6 32. Ke3 h6
1/2-1/2

[Event "2.BLO 1516 SC Garching - Nickelhütte Au"]
[Site "?"]
[Date "2016.01.30"]
[Round "7.3"]
[White "Meijers, Viesturs"]
[Black "Koepke, Christian"]
[Result "1-0"]
[WhiteElo "2441"]
[BlackElo "2326"]
[PlyCount "77"]
[EventDate "2016.??.??"]

1. d4 Nf6 2. Nf3 g6 3. g3 Bg7 4. Bg2 O-O 5. O-O d6 6. c4 Nc6 7. d5 Na5 8. Nbd2
c5 9. a3 Qc7 10. Qc2 b6 11. b4 Nb7 12. Bb2 cxb4 13. axb4 Nxd5 14. Bxg7 Kxg7 15.
Nd4 Nf6 16. Ra6 Bd7 17. Rfa1 e5 18. Rxa7 Rxa7 19. Rxa7 Rb8 20. N4b3 Bc6 21. Bh3
Qd8 22. Qa2 d5 23. Bg2 dxc4 24. Bxc6 cxb3 25. Qb2 Rc8 26. Bxb7 Rc2 27. Qxb3
Rxd2 28. Bc6 Qf8 29. Kf1 Rd6 30. b5 Ng4 31. h3 Nh6 32. g4 Ng8 33. Kg2 Ne7 34.
Qc3 Re6 35. Be4 Qc8 36. Qb3 Qd8 37. e3 Kg8 38. Ra8 Nc8 39. Bb7 1-0

[Event "2.BLO 1516 SC Garching - Nickelhütte Au"]
[Site "?"]
[Date "2016.01.30"]
[Round "7.4"]
[White "Bredl, Harald"]
[Black "Slobodjan, Roman"]
[Result "1-0"]
[WhiteElo "2341"]
[BlackElo "2471"]
[PlyCount "141"]
[EventDate "2016.??.??"]

1. d4 Nf6 2. c4 e6 3. Nc3 Bb4 4. Qc2 d5 5. a3 Be7 6. cxd5 exd5 7. Bg5 Nbd7 8.
e3 Nf8 9. h3 Ne6 10. Bh4 g6 11. Nf3 c6 12. Be2 Ng7 13. Bg3 Bf5 14. Qc1 Be4 15.
Be5 Bxf3 16. Bxf3 Bd6 17. Bxd6 Qxd6 18. O-O Nf5 19. b4 Nh4 20. Be2 O-O 21. b5
Rac8 22. Qb2 cxb5 23. Nxb5 Qb6 24. a4 Ne4 25. a5 Qf6 26. Nxa7 Qg5 27. g4 Rc3
28. Ra3 Rxa3 29. Qxa3 Ra8 30. Rc1 Qd8 31. Nb5 Rxa5 32. Qb2 Ng5 33. Kh2 Ngf3+
34. Bxf3 Nxf3+ 35. Kg3 Ng5 36. Nc3 Qd6+ 37. Kg2 b6 38. Rb1 Qf6 39. f4 Ne4 40.
Nxe4 dxe4 41. Qxb6 Ra2+ 42. Kg3 Qxb6 43. Rxb6 Ra3 44. Kf2 Ra2+ 45. Ke1 Ra3 46.
Kd2 Ra2+ 47. Kc3 Re2 48. d5 Rxe3+ 49. Kd4 Re1 50. Rb8+ Kg7 51. Re8 Rd1+ 52. Kc5
f5 53. g5 h6 54. h4 hxg5 55. hxg5 Kf7 56. Re5 Ra1 57. d6 Rd1 58. Kc6 Rd3 59.
Re7+ Kf8 60. Re6 Kf7 61. Re7+ Kf8 62. Re6 Kf7 63. Kd7 e3 64. Rf6+ Kg7 65. Ke7
Rd4 66. Re6 Re4 67. Rxe4 fxe4 68. d7 e2 69. d8=Q e1=Q 70. Qf8+ Kh7 71. Kf7 1-0

[Event "2.BLO 1516 SC Garching - Nickelhütte Au"]
[Site "?"]
[Date "2016.01.30"]
[Round "7.5"]
[White "Eichner, Sebastian"]
[Black "Levushkina, Elena"]
[Result "0-1"]
[WhiteElo "2370"]
[BlackElo "2298"]
[PlyCount "94"]
[EventDate "2016.??.??"]

1. Nf3 Nf6 2. c4 e6 3. Nc3 Bb4 4. Qc2 c5 5. a3 Ba5 6. g3 O-O 7. Bg2 Nc6 8. O-O
d6 9. d3 h6 10. e3 e5 11. Nd2 a6 12. b3 Bd7 13. Bb2 Rb8 14. Nd5 Nxd5 15. cxd5
Ne7 16. Nc4 Bc7 17. f4 exf4 18. gxf4 b5 19. Nd2 Nf5 20. Rae1 Bb6 21. Be4 Qh4
22. Kg2 Qh3+ 23. Kh1 Ng3+ 24. Kg1 Nxf1 25. Nxf1 Bf5 26. Bg2 Qh4 27. Ng3 Bh7 28.
Kh1 f6 29. Qd2 c4 30. dxc4 bxc4 31. b4 Rbc8 32. Bc3 f5 33. Bf1 Bd8 34. Rc1 Bg6
35. Qg2 Bf6 36. Be1 Bd8 37. Nxf5 Qf6 38. Nh4 Bh7 39. Bxc4 Re8 40. Nf3 Rxe3 41.
Bf2 Re4 42. Nd2 Re2 43. Qg4 Rxf2 44. Qxc8 Bf5 45. Qc6 Rxd2 46. Qe8+ Kh7 47. Qe3
Qb2 0-1

[Event "2.BLO 1516 SC Garching - Nickelhütte Au"]
[Site "?"]
[Date "2016.01.30"]
[Round "7.6"]
[White "Seifert, Volker"]
[Black "Spiess, Gunter"]
[Result "1/2-1/2"]
[WhiteElo "2343"]
[BlackElo "2410"]
[PlyCount "90"]
[EventDate "2016.??.??"]

1. d4 d5 2. c4 c6 3. Nc3 Nf6 4. e3 a6 5. Qc2 e6 6. Nf3 c5 7. cxd5 exd5 8. Be2
Nc6 9. a3 Be6 10. O-O Rc8 11. Rd1 cxd4 12. exd4 Be7 13. Bf4 O-O 14. Ng5 Bd6 15.
Nxe6 fxe6 16. Bxd6 Qxd6 17. Qd3 Rf7 18. Qg3 Qf8 19. Rd3 g6 20. Bf3 Qg7 21. Re1
Re7 22. h4 Rce8 23. Bd1 Kh8 24. b4 e5 25. dxe5 d4 26. Rf1 Rxe5 27. Na4 Ne4 28.
Qh3 b5 29. Nb2 Nc3 30. Kh2 Nxd1 31. Rdxd1 Re4 32. Nd3 Qf6 33. g3 Ne5 34. Nxe5
Qxe5 35. Rd3 Rd8 36. Kg1 Kg7 37. Rc1 Re1+ 38. Rxe1 Qxe1+ 39. Qf1 Qe4 40. Qc1
Rd7 41. Qd2 h6 42. Kh2 Kh7 43. Kg1 Kg7 44. Kh2 Kh7 45. Kg1 Kg7 1/2-1/2

[Event "2.BLO 1516 SC Garching - Nickelhütte Au"]
[Site "?"]
[Date "2016.01.30"]
[Round "7.7"]
[White "Peil, Christoph"]
[Black "Schmitz, Thorsten"]
[Result "1/2-1/2"]
[WhiteElo "2304"]
[BlackElo "2312"]
[PlyCount "92"]
[EventDate "2016.??.??"]

1. c4 Nf6 2. Nc3 g6 3. e4 d6 4. g3 Bg7 5. Bg2 O-O 6. Nge2 c5 7. O-O Nc6 8. a3
Bg4 9. h3 Bxe2 10. Nxe2 Ne8 11. Rb1 a5 12. d3 Nc7 13. Bd2 Rb8 14. Bc3 Ne6 15.
Qa4 Qe8 16. Kh2 b6 17. Rfe1 Ncd4 18. Qd1 a4 19. f4 b5 20. Nxd4 Nxd4 21. e5 dxe5
22. fxe5 Qd7 23. Re4 Rfd8 24. Qg1 Ne6 25. Rd1 bxc4 26. Rxc4 Qb5 27. Qf1 Rd7 28.
Qf3 Rbd8 29. Rf1 Rf8 30. h4 Nd4 31. Qe4 e6 32. Re1 Rfd8 33. Bf1 Bxe5 34. Bg2
Bg7 35. h5 gxh5 36. Qf4 h6 37. g4 hxg4 38. Qxg4 Rd5 39. Bxd5 Rxd5 40. Bxd4 Rxd4
41. Rxd4 Qxb2+ 42. Re2 Qxd4 43. Qxd4 cxd4 44. Rc2 Bf8 45. Rc4 Bxa3 46. Rxd4 Bb2
1/2-1/2

[Event "2.BLO 1516 SC Garching - Nickelhütte Au"]
[Site "?"]
[Date "2016.01.30"]
[Round "7.8"]
[White "Pitschka, Claus"]
[Black "Wichmann, Cliff"]
[Result "0-1"]
[WhiteElo "2235"]
[BlackElo "2322"]
[PlyCount "48"]
[EventDate "2016.??.??"]

1. e4 e6 2. d4 d5 3. Nd2 Nf6 4. e5 Nfd7 5. Bd3 c5 6. c3 Nc6 7. Ne2 cxd4 8. cxd4
f6 9. exf6 Nxf6 10. Nf3 Bd6 11. O-O Qc7 12. Bg5 O-O 13. Nc3 a6 14. Rc1 h6 15.
Bh4 Bd7 16. Bg3 Nh5 17. Bxd6 Qxd6 18. Na4 Nf4 19. Nc5 Be8 20. Bb1 Qe7 21. Re1
Bh5 22. Rc3 Rf6 23. Qc2 Rg6 24. g3 Bxf3 0-1

[Event "2.BLO 1516 Bad Mergentheim - SC Forchhe"]
[Site "?"]
[Date "2016.01.31"]
[Round "8.1"]
[White "Jirovsky, Milos"]
[Black "Ikonnikov, Vyacheslav"]
[Result "1/2-1/2"]
[WhiteElo "2449"]
[BlackElo "2533"]
[PlyCount "31"]
[EventDate "2016.??.??"]

1. Nf3 c5 2. c4 Nc6 3. Nc3 g6 4. g3 Bg7 5. Bg2 e5 6. d3 d6 7. Nd2 Nge7 8. Nf1
Be6 9. Ne3 Qd7 10. Ned5 O-O 11. O-O Bh3 12. Rb1 Bxg2 13. Kxg2 Nxd5 14. Nxd5 Ne7
15. Nxe7+ Qxe7 16. b4 {(=)} 1/2-1/2

[Event "2.BLO 1516 Bad Mergentheim - SC Forchhe"]
[Site "?"]
[Date "2016.01.31"]
[Round "8.2"]
[White "Karpatchev, Aleksandr"]
[Black "Jansa, Vlastimil"]
[Result "1-0"]
[WhiteElo "2475"]
[BlackElo "2455"]
[PlyCount "65"]
[EventDate "2016.??.??"]

1. e4 c5 2. c3 Nf6 3. e5 Nd5 4. Nf3 e6 5. Bc4 b6 6. d4 Bb7 7. O-O Be7 8. dxc5
bxc5 9. Na3 O-O 10. Bd3 Nc6 11. Be4 Qb8 12. c4 Nb6 13. Bf4 f5 14. exf6 Qxf4 15.
fxe7 Rf6 16. Re1 Re8 17. Nb5 Rxe7 18. Nd6 Ba8 19. Bxh7+ Kxh7 20. Re4 Qxf3 21.
gxf3 e5 22. Rh4+ Kg8 23. Qd3 e4 24. Nxe4 Rg6+ 25. Kf1 Ne5 26. Qe3 Nexc4 27.
Qxc5 Re5 28. Qc7 Rge6 29. Rd1 Nxb2 30. Rd6 Re8 31. Rg6 Nd5 32. Qxd7 R5e7 33.
Qh3 1-0

[Event "2.BLO 1516 Bad Mergentheim - SC Forchhe"]
[Site "?"]
[Date "2016.01.31"]
[Round "8.3"]
[White "Seyb, Alexander"]
[Black "Ivanov, Mikail"]
[Result "0-1"]
[WhiteElo "2417"]
[BlackElo "2359"]
[PlyCount "48"]
[EventDate "2016.??.??"]

1. e4 c5 2. Nf3 Nc6 3. d4 cxd4 4. Nxd4 g6 5. c4 Nf6 6. Nc3 d6 7. Nc2 Bg7 8. Be2
Nd7 9. Bd2 a5 10. Na3 Nc5 11. Nab5 O-O 12. Be3 a4 13. O-O Qa5 14. Rc1 Be6 15.
f4 Rfd8 16. Kh1 f6 17. Nd5 Rdc8 18. f5 Bf7 19. fxg6 hxg6 20. Nxe7+ Nxe7 21.
Qxd6 Ra6 22. Qxe7 Bf8 23. Bxc5 Bxe7 24. Bxe7 Qd2 0-1

[Event "2.BLO 1516 Bad Mergentheim - SC Forchhe"]
[Site "?"]
[Date "2016.01.31"]
[Round "8.4"]
[White "Gasthofer, Alexander"]
[Black "Heidrich, Manfred"]
[Result "1/2-1/2"]
[WhiteElo "2444"]
[BlackElo "2344"]
[PlyCount "71"]
[EventDate "2016.??.??"]

1. Nf3 f5 2. g3 Nf6 3. Bg2 g6 4. O-O Bg7 5. d4 O-O 6. b3 Ne4 7. Bb2 d6 8. c4
Nc6 9. Nc3 Nxc3 10. Bxc3 Qe8 11. e4 f4 12. e5 dxe5 13. d5 Nd4 14. Nxe5 Bxe5 15.
Bxd4 Bxd4 16. Qxd4 f3 17. Bh1 e5 18. dxe6 Bxe6 19. Rfe1 Qc6 20. Re3 Rad8 21.
Qc3 Bg4 22. h3 Bxh3 23. Rxf3 Qd7 24. Re1 c6 25. Rxf8+ Rxf8 26. Qe3 a6 27. c5
Qf7 28. Be4 Bf5 29. Bg2 Bg4 30. f4 Rd8 31. Bf1 Qf6 32. Bc4+ Kf8 33. Kg2 h5 34.
Qe5 Rd2+ 35. Kg1 Qxe5 36. fxe5 {(=)} 1/2-1/2

[Event "2.BLO 1516 Bad Mergentheim - SC Forchhe"]
[Site "?"]
[Date "2016.01.31"]
[Round "8.5"]
[White "Ott, Florian"]
[Black "Gasthofer, Viktor"]
[Result "1/2-1/2"]
[WhiteElo "2317"]
[BlackElo "2309"]
[PlyCount "115"]
[EventDate "2016.??.??"]

1. d4 e6 2. c4 d5 3. Nc3 Nf6 4. cxd5 exd5 5. Bg5 c6 6. e3 Bf5 7. Qf3 Bg6 8.
Bxf6 Qxf6 9. Qxf6 gxf6 10. Nf3 Nd7 11. Nh4 Be7 12. g3 Nb6 13. f3 a5 14. Kf2 O-O
15. Rc1 Rfe8 16. Be2 a4 17. Rhd1 Nc8 18. Bd3 Nd6 19. g4 Bd8 20. Ne2 Bb6 21. f4
Bxd3 22. Rxd3 Ra5 23. Ng3 Rb5 24. b3 axb3 25. axb3 Ra8 26. Nhf5 Ra2+ 27. Kg1
Nxf5 28. Nxf5 Bc7 29. Rc5 Rxc5 30. dxc5 Kf8 31. b4 Ke8 32. Rb3 b6 33. cxb6 Bxb6
34. h4 Kd7 35. h5 Ke6 36. Kf1 Kd7 37. Nh6 Ke6 38. Rc3 Kd7 39. Nxf7 Rb2 40. g5
fxg5 41. Ne5+ Ke8 42. fxg5 Bd8 43. g6 hxg6 44. hxg6 Bf6 45. Rxc6 Bxe5 46. Re6+
Kf8 47. Rxe5 Rxb4 48. Rxd5 Kg7 49. Rd6 Rb2 50. e4 Rb4 51. Re6 Rb2 52. e5 Rg2
53. Rd6 Rg5 54. e6 Re5 55. Kf2 Kxg6 56. Kf3 Kf6 57. Kf4 Rxe6 58. Rxe6+ 1/2-1/2

[Event "2.BLO 1516 Bad Mergentheim - SC Forchhe"]
[Site "?"]
[Date "2016.01.31"]
[Round "8.6"]
[White "Raps, Johannes"]
[Black "Bartsch, Berthold"]
[Result "1-0"]
[WhiteElo "2171"]
[BlackElo "2286"]
[PlyCount "71"]
[EventDate "2016.??.??"]

1. d4 Nf6 2. Nf3 d5 3. g3 e6 4. Bg2 Be7 5. O-O O-O 6. c4 Nbd7 7. cxd5 exd5 8.
Nc3 c6 9. a3 a5 10. b3 b5 11. Qc2 Bb7 12. Rd1 Nb6 13. Ne5 Nfd7 14. Nd3 a4 15.
b4 Nf6 16. Nc5 Bc8 17. e4 dxe4 18. N5xe4 Nfd5 19. Nxd5 cxd5 20. Nc3 Ba6 21. Qf5
g6 22. Qf3 Bf6 23. Be3 Ra7 24. Bf1 Nc4 25. Qxd5 Rd7 26. Qc6 Rd6 27. Qf3 Bxd4
28. Bxd4 Rxd4 29. Bxc4 bxc4 30. Nxa4 Bb7 31. Rxd4 Qxd4 32. Qc3 Qd5 33. f3 Rd8
34. Rf1 Qd3 35. Qxd3 cxd3 36. Kf2 {(ZÜ)} 1-0

[Event "2.BLO 1516 Bad Mergentheim - SC Forchhe"]
[Site "?"]
[Date "2016.01.31"]
[Round "8.7"]
[White "Doeres, Hans-Juergen"]
[Black "Bogdanovich, Grigoriy"]
[Result "1-0"]
[WhiteElo "2197"]
[BlackElo "2326"]
[PlyCount "105"]
[EventDate "2016.??.??"]

1. e4 c5 2. Nf3 Nf6 3. e5 Nd5 4. Nc3 e6 5. Nxd5 exd5 6. d4 Nc6 7. dxc5 Bxc5 8.
c3 d6 9. b4 Bb6 10. Bg5 Qc7 11. exd6 Qxd6 12. Be2 O-O 13. O-O f6 14. Bh4 Be6
15. Qd2 Rfd8 16. Rfd1 a5 17. Bg3 Qd7 18. b5 Ne7 19. Nd4 Bf7 20. a4 Rac8 21.
Rac1 h5 22. Bf4 Bc5 23. Nb3 d4 24. Nxd4 Nd5 25. h4 Nb6 26. Ra1 Nc4 27. Qc2 Qe8
28. Nf3 Na3 29. Qb2 Nc4 30. Bxc4 Bxc4 31. Rxd8 Rxd8 32. Re1 Qg6 33. Be3 Bd5 34.
Qe2 Re8 35. Qd1 Re5 36. c4 Be4 37. g3 Bxe3 38. Rxe3 Re7 39. Qd8+ Kf7 40. Nd2 f5
41. Nxe4 fxe4 42. Qd5+ Ke8 43. c5 Qf7 44. Qd4 Qg6 45. Kg2 Qe6 46. Kg1 Qe5 47.
Qc4 Kd8 48. c6 b6 49. Qg8+ Kc7 50. Qa8 Qd4 51. Qb7+ Kd6 52. Qb8+ Ke6 53. c7 1-0

[Event "2.BLO 1516 Bad Mergentheim - SC Forchhe"]
[Site "?"]
[Date "2016.01.31"]
[Round "8.8"]
[White "Gross, Willi"]
[Black "Seyb, Dieter"]
[Result "1/2-1/2"]
[WhiteElo "2116"]
[BlackElo "2280"]
[PlyCount "36"]
[EventDate "2016.??.??"]

1. d4 Nf6 2. c4 g6 3. Nc3 d5 4. Bg5 Ne4 5. Bf4 Nxc3 6. bxc3 c5 7. e3 Qa5 8. Qd2
dxc4 9. Bxc4 Bg7 10. Nf3 Nc6 11. O-O O-O 12. h3 cxd4 13. exd4 e5 14. dxe5 Nxe5
15. Nxe5 Bxe5 16. Bxe5 Qxe5 17. Rfe1 Qc7 18. Re4 Bf5 {(=)} 1/2-1/2

[Event "2.BLO 1516 SF Neuberg - SK Göggingen"]
[Site "?"]
[Date "2016.01.31"]
[Round "8.1"]
[White "Rozentalis, Eduardas"]
[Black "Lubbe, Nikolas"]
[Result "1-0"]
[WhiteElo "2572"]
[BlackElo "2513"]
[PlyCount "165"]
[EventDate "2016.??.??"]

1. e4 d5 2. exd5 Qxd5 3. Nc3 Qa5 4. g3 Nf6 5. Bg2 Nc6 6. Nge2 h5 7. h3 Bd7 8.
d3 O-O-O 9. a3 Qf5 10. Be3 e6 11. b4 Kb8 12. b5 Na5 13. Nd4 Qe5 14. Qd2 Bc5 15.
Nce2 Bb6 16. c4 Be8 17. O-O Nd7 18. Rab1 Qd6 19. Qc3 Nc5 20. Rfd1 f6 21. Nc2
Bg6 22. Nb4 Kc8 23. Rbc1 Nab3 24. d4 Nxc1 25. Rxc1 Ne4 26. Bxe4 Bxe4 27. c5
Bxc5 28. Qxc5 Qxc5 29. Rxc5 b6 30. Rc1 Kb7 31. Kf1 Rd7 32. h4 Rc8 33. Ke1 Bf3
34. Ng1 Bd5 35. Nc6 a6 36. bxa6+ Kxa6 37. Ne2 Kb7 38. Nb4 Be4 39. f4 Ra8 40.
Rc3 Ra5 41. Kf2 Rd8 42. Bc1 c5 43. dxc5 bxc5 44. Nc2 Rd3 45. Ne3 Rxc3 46. Nxc3
Bd3 47. Ned1 Ra8 48. a4 Bc2 49. Nb2 Kc6 50. Ke2 Bb3 51. Be3 Rb8 52. Kd2 Rb7 53.
Kc1 Ra7 54. Nd3 Ra5 55. Kd2 Bc4 56. Nb2 Bd5 57. Kc2 Ra8 58. Nd3 Ra5 59. Nxc5
Bc4 60. Nd3 Bxd3+ 61. Kxd3 e5 62. Kc4 exf4 63. gxf4 g6 64. Bd2 Ra8 65. Kd3 Rd8+
66. Ke2 Ra8 67. Be3 Kd6 68. Bb6 Ke6 69. a5 Kf5 70. Nd5 Kg4 71. Nxf6+ Kxh4 72.
Kf3 g5 73. Bf2+ Kh3 74. fxg5 Rxa5 75. Be3 h4 76. Ne4 Kh2 77. g6 Ra6 78. g7 Rg6
79. Bd4 h3 80. Be5+ Kg1 81. Ng3 Kh2 82. Kf2 Rf6+ 83. Nf5+ 1-0